Statistics for Top 20 Longest One-Word Country Names

Click here to take the quiz!

General Stats

  • This quiz has been taken 54,893 times
    (54,807 since last reset)
  • The average score is 13 of 20

Answer Stats

letterscountry% Correct
9 (starting
with A-L)
Argentina | Australia | Guatemala
Indonesia | Lithuania
95%
12Turkmenistan
84%
10Kazakhstan
83%
9 (starting
with M-Z)
Mauritius | Nicaragua
Singapore | Venezuela
82%
10Uzbekistan
81%
10Tajikistan
79%
11Afghanistan
78%
10Kyrgyzstan
77%
13Liechtenstein
77%
10Azerbaijan
64%
10Luxembourg
64%
10Mozambique
64%
10Mauritania
56%
10Madagascar
55%
11Philippines
54%
11Switzerland
51%
11Netherlands
45%
10Bangladesh
43%
10Montenegro
39%
10Seychelles
29%

Score Distribution

Percentile by Number Answered

Percent of People with Each Score

Your Score History

You have not taken this quiz since the last reset